Súčasné tendencie k protekcionizmu vo svetovej ekonomike.
Zámery a súčasné formy protekcionistických opatrení vlád. Uplatňovanie netarifných prekážok obchodu. Negatívne ekonomické dôsledky protekcionistických opatrení.
Na minha lista:
| Autor principal: | |
|---|---|
| Formato: | Capítulo de Livro |
| Idioma: | eslovaco |
| Assuntos: | |
| Tags: |
Sem tags, seja o primeiro a adicionar uma tag!
|
MARC
| LEADER | 00000naa a2200000 4500 | ||
|---|---|---|---|
| 001 | r007190 | ||
| 005 | 20221125075749.8 | ||
| 041 | 0 | |a slo | |
| 044 | |a [CS] | ||
| 245 | 1 | 0 | |a Súčasné tendencie k protekcionizmu vo svetovej ekonomike. |c J. Černá |
| 520 | |a Zámery a súčasné formy protekcionistických opatrení vlád. Uplatňovanie netarifných prekážok obchodu. Negatívne ekonomické dôsledky protekcionistických opatrení. | ||
| 610 | 2 | 0 | |a protekcionizmus |
| 610 | 2 | 0 | |a obchod medzinárodný |
| 610 | 2 | 0 | |a hospodárstvo svetové |
| 610 | 2 | 0 | |a liberalizácia |
| 100 | 1 | |a Černá, J. | |